Recull de bones pràctiques de polígons d'activitat econòmica
Publicado:
Barcelona :
Diputació de Barcelona. Àrea de Desenvolupament Econòmic. Servei de Teixit Productiu ,
2009
Descripción Física:
87 p. ; 29 cm
MARC
| LEADER | 00000nam a2200000Ia 4500 | ||
|---|---|---|---|
| 001 | 21920 | ||
| 008 | 160829s2009 xx 000 0 cat d | ||
| 080 | |a M-6-268 | ||
| 245 | |a Recull de bones pràctiques de polígons d'activitat econòmica | ||
| 260 | |a Barcelona : |b Diputació de Barcelona. Àrea de Desenvolupament Econòmic. Servei de Teixit Productiu, |c 2009 | ||
| 300 | |a 87 p. ; |c 29 cm | ||
| 650 | |a Polígons d'Activitat Econòmica (PAE) |9 41369 | ||
| 650 | 0 | |a Desenvolupament econòmic |x Barcelona (Província) |9 41370 | |
| 650 | 0 | |a Empreses |x Direcció i administració |9 10980 | |
| 710 | |a Barcelona (Catalunya : Província). |b Servei de Teixit Productiu |9 53474 | ||
| 901 | |a Arxiu | ||
| 942 | |n 1 | ||
| 952 | |0 0 |1 0 |4 0 |6 M6268 |7 1 |9 53033 |a Arxiu |b Arxiu |d 2016-12-01 |l 0 |o M-6-268 |p 21920 |r 2016-12-01 00:00:00 |w 2016-12-01 |y ARXIU | ||
| 999 | |c 56882 |d 56882 | ||